000 00326nam a22001457a 4500
008 210305b ||||| |||| 00| 0 eng d
020 _a9780321748577
041 _aeng
080 _210th
_a510
082 _210th
_a510
100 _a36
101 _aMAT
245 _aCalculus with Applications
_cLial,L.M
942 _2udc
_cBK
999 _c55862
_d55862